000
00297nam a22001337a 4500
999
_c
55012
_d
55012
008
200204b ||||| |||| 00| 0 eng d
041
_a
eng
080
_2
043.3
_a
043.3
082
_a
043.3
100
_a
0
101
_a
MTH
245
_a
Ndërtesë religjioze-Xhami
_c
Rexhepi,A
942
_2
udc
_c
BK